[Event "Dortmund op-A"]
[Site "Dortmund"]
[Date "2003.08.08"]
[Round "7"]
[White "Fiebig, Thomas"]
[Black "Baumhackel, Mario"]
[Result "1-0"]
[WhiteElo "2255"]
[BlackElo "2159"]
[PlyCount "85"]
[EventDate "2003.08.01"]
[EventType "swiss"]
[EventRounds "9"]
[EventCountry "GER"]
[SourceTitle "CBM 095 Extra"]
[Source "ChessBase"]
[SourceDate "2003.09.04"]
[SourceVersion "1"]
[SourceVersionDate "2003.09.04"]
[SourceQuality "1"]

1. e4 d5 2. exd5 Qxd5 3. Nc3 Qa5 4. Bc4 c6 5. d4 Nf6 6. Qe2 Bf5 7. Bd2 Qc7 8. 0-0-0 e6 9. h3 Nbd7 10. g4 Bg6 11. f4 0-0-0 12. Nf3 Nd5 13. Ne5 Nxe5 14. dxe5 h5 15. Qf3 f6 16. f5 hxg4 17. hxg4 Rxh1 18. Rxh1 Bf7 19. exf6 gxf6 20. Rh7 Qe7 21. g5 Qe8 22. gxf6 exf5 23. Qxf5+ Kb8 24. Qf2 Ka8 25. Nxd5 cxd5 26. Bd3 d4 27. a3 Qe6 28. Ba5 b6 29. Qf3+ Kb8 30. Bd2 Bd6 31. Bg6 Rf8 32. Qe4 Rg8 33. Qxe6 Bxe6 34. Rg7 Rh8 35. Be4 Bc8 36. b4 Be5 37. Re7 Bd6 38. Rh7 Rxh7 39. Bxh7 Be6 40. Bg5 Be5 41. f7 Bg7 42. Bf4+ Kc8 43. Bd6 1-0

[Event "Dortmund op-A"]
[Site "Dortmund"]
[Date "2003.08.07"]
[Round "6"]
[White "Kierzek, Mira"]
[Black "Baumhackel, Mario"]
[Result "0-1"]
[WhiteElo "2082"]
[BlackElo "2159"]
[PlyCount "72"]
[EventDate "2003.08.01"]
[EventType "swiss"]
[EventRounds "9"]
[EventCountry "GER"]
[SourceTitle "CBM 095 Extra"]
[Source "ChessBase"]
[SourceDate "2003.09.04"]
[SourceVersion "1"]
[SourceVersionDate "2003.09.04"]
[SourceQuality "1"]

1. Nf3 d5 2. d4 Nf6 3. c4 dxc4 4. e3 Bg4 5. Bxc4 e6 6. Qb3 Bxf3 7. gxf3 Qc8 8. Nc3 a6 9. a4 Nc6 10. a5 Bb4 11. Bd2 Bxa5 12. Ke2 0-0 13. Rhg1 Bb6 14. Qd1 Bxd4 15. exd4 Nxd4+ 16. Ke1 e5 17. Bh6 Nh5 18. Ne4 Qf5 19. Ra3 Kh8 20. Bc1 h6 21. Ba2 Qh3 22. Ng3 Rad8 23. Rd3 Rd6 24. Bb1 Rfd8 25. Ne4 Qxh2 26. Kd2 Qxg1 27. Qxg1 Nxf3+ 28. Ke3 Rxd3+ 29. Bxd3 Nxg1 30. Bc4 f5 31. Nc3 Nf6 32. f3 Nh3 33. Be6 g6 34. Ke2 Nf4+ 35. Bxf4 exf4 36. Na4 Re8 0-1

[Event "Oberliga Ost-B 0102"]
[Site "Germany"]
[Date "2002.02.24"]
[Round "8.4"]
[White "Schmidt, Jan Peter"]
[Black "Baumhackel, Mario"]
[Result "1-0"]
[WhiteElo "2296"]
[BlackElo "2134"]
[PlyCount "80"]
[EventDate "2001.10.07"]
[EventType "team-tourn"]
[EventRounds "11"]
[EventCountry "GER"]
[SourceTitle "EXT 2003"]
[Source "ChessBase"]
[SourceDate "2002.11.25"]
[SourceVersion "1"]
[SourceVersionDate "2002.11.25"]
[SourceQuality "1"]
[WhiteTeam "Schoeneck"]
[BlackTeam "Wetzlar"]
[WhiteTeamCountry "GER"]
[BlackTeamCountry "GER"]

1. c4 c5 2. Nf3 Nc6 3. Nc3 g6 4. e3 Bg7 5. d4 cxd4 6. exd4 d6 7. d5 Ne5 8. Nd4 Nf6 9. Be2 0-0 10. 0-0 Bg4 11. f3 Bd7 12. Be3 Qc8 13. b3 Ne8 14. Rc1 f5 15. Qd2 Nf6 16. h3 Nf7 17. f4 h6 18. Bf3 Nh7 19. Rfe1 g5 20. g3 Bf6 21. Bf2 Kh8 22. Kh2 Rg8 23. Ne6 Nf8 24. Nb5 a6 25. Nbd4 Nd8 26. c5 Bxe6 27. cxd6 Qd7 28. Nxe6 Qxd6 29. Nc7 gxf4 30. gxf4 Rb8 31. Ne8 Qd7 32. Nxf6 exf6 33. Bd4 Nh7 34. Bb6 Nc6 35. Rc2 Nd8 36. Rc7 Qd6 37. Ree7 Ng5 38. Qe3 Rc8 39. Red7 Rxc7 40. Rxd6 Nxf3+ 1-0

[Event "Oberliga Ost-B 0102"]
[Site "Germany"]
[Date "2001.10.07"]
[Round "1.3"]
[White "Baumhackel, Mario"]
[Black "Klingelhoefer, Stefan"]
[Result "1/2-1/2"]
[WhiteElo "2134"]
[BlackElo "2286"]
[PlyCount "88"]
[EventDate "2001.10.07"]
[EventType "team-tourn"]
[EventRounds "11"]
[EventCountry "GER"]
[SourceTitle "EXT 2003"]
[Source "ChessBase"]
[SourceDate "2002.11.25"]
[SourceVersion "1"]
[SourceVersionDate "2002.11.25"]
[SourceQuality "1"]
[WhiteTeam "Wetzlar"]
[BlackTeam "Giessen"]
[WhiteTeamCountry "GER"]
[BlackTeamCountry "GER"]

1. d4 d5 2. Nf3 c6 3. e3 Bf5 4. c4 e6 5. Qb3 Qb6 6. Be2 Nd7 7. Nc3 h6 8. 0-0 Ngf6 9. c5 Qc7 10. Qd1 b6 11. b4 bxc5 12. bxc5 e5 13. Qa4 Ne4 14. Nxe4 Bxe4 15. Bb2 Bxf3 16. Bxf3 e4 17. Be2 Be7 18. Bc3 a5 19. Rab1 0-0 20. Rb3 g6 21. Rfb1 Rfb8 22. Rxb8+ Nxb8 23. Rb6 Qc8 24. Qb3 Bd8 25. Rb7 Bc7 26. Qb1 Nd7 27. Bd1 a4 28. a3 h5 29. h3 Nf6 30. Qb2 Kg7 31. Rb4 Bb8 32. Bxa4 Qc7 33. g3 h4 34. Be1 hxg3 35. fxg3 Qc8 36. Bxc6 Qxc6 37. Rxb8 Rxb8 38. Qxb8 Qa6 39. Qb2 Qd3 40. Qc3 Qe2 41. Qd2 Qa6 42. Qa5 Qe2 43. Qd2 Qa6 44. Qa5 Qe2 1/2-1/2

[Event "Oberliga Ost-B 0001"]
[Site "Germany"]
[Date "2001.04.29"]
[Round "11.5"]
[White "Roeberg, Frank"]
[Black "Baumhackel, Mario"]
[Result "1/2-1/2"]
[WhiteElo "2267"]
[BlackElo "2143"]
[PlyCount "63"]
[EventDate "2000.10.15"]
[EventType "team-tourn"]
[EventRounds "11"]
[EventCountry "GER"]
[SourceTitle "EXT 2002"]
[Source "ChessBase"]
[SourceDate "2001.11.25"]
[SourceVersion "1"]
[SourceVersionDate "2001.11.25"]
[SourceQuality "1"]
[WhiteTeam "Steinbach"]
[BlackTeam "Wetzlar"]
[WhiteTeamCountry "GER"]
[BlackTeamCountry "GER"]

1. e4 d5 2. Nc3 d4 3. Nce2 e5 4. Ng3 Be6 5. Nf3 f6 6. c3 c5 7. Bb5+ Nc6 8. 0-0 Bd6 9. Bxc6+ bxc6 10. Qa4 Qb6 11. c4 Ne7 12. d3 0-0 13. Qd1 Qc7 14. Ne2 g6 15. Bh6 Rf7 16. h4 Kh8 17. Bd2 Ng8 18. Kh2 h6 19. Rh1 f5 20. Ng3 Nf6 21. Kg1 fxe4 22. dxe4 Ng8 23. Qc1 Kg7 24. h5 g5 25. Bxg5 Rxf3 26. gxf3 hxg5 27. Qxg5+ Kh8 28. Qg6 Qf7 29. Nf5 Bf8 30. b3 Ne7 31. Kf1 Nxf5 32. Qxf7 1/2-1/2

[Event "Oberliga Ost-B 0001"]
[Site "Germany"]
[Date "2001.04.28"]
[Round "10.5"]
[White "Baumhackel, Mario"]
[Black "Chandler, Patrick"]
[Result "0-1"]
[WhiteElo "2143"]
[BlackElo "2245"]
[PlyCount "80"]
[EventDate "2000.10.15"]
[EventType "team-tourn"]
[EventRounds "11"]
[EventCountry "GER"]
[SourceTitle "EXT 2002"]
[Source "ChessBase"]
[SourceDate "2001.11.25"]
[SourceVersion "1"]
[SourceVersionDate "2001.11.25"]
[SourceQuality "1"]
[WhiteTeam "Wetzlar"]
[BlackTeam "Oberursel"]
[WhiteTeamCountry "GER"]
[BlackTeamCountry "GER"]

1. d4 Nf6 2. Nf3 b5 3. e3 a6 4. Bd3 e6 5. Nbd2 c5 6. c3 Bb7 7. 0-0 d6 8. Qe2 Nbd7 9. a4 b4 10. cxb4 cxb4 11. e4 d5 12. e5 Ng8 13. a5 Ne7 14. Nb3 Nc6 15. Ng5 g6 16. f4 Qe7 17. g4 h6 18. Nf3 h5 19. g5 Qd8 20. Bd2 Qb8 21. Rfc1 Qa7 22. Qe1 Rb8 23. Rc2 Be7 24. Be3 Bd8 25. Ra4 Be7 26. Qe2 Kf8 27. Ra1 Bd8 28. Nh4 Kg7 29. Rcc1 Ne7 30. Qd2 Bc6 31. Nc5 Bb5 32. b3 Bxd3 33. Qxd3 Rb5 34. Ra4 Nxc5 35. Rxc5 Rxc5 36. dxc5 Nc6 37. Qd2 Qb7 38. Qa2 Qb5 39. Nf3 Be7 40. Qc2 Rc8 0-1

[Event "Oberliga Ost-B 0001"]
[Site "Germany"]
[Date "2001.01.28"]
[Round "5.5"]
[White "Schmidt, Jan Peter"]
[Black "Baumhackel, Mario"]
[Result "1-0"]
[WhiteElo "2315"]
[BlackElo "2143"]
[PlyCount "33"]
[EventDate "2000.10.15"]
[EventType "team-tourn"]
[EventRounds "11"]
[EventCountry "GER"]
[SourceTitle "EXT 2002"]
[Source "ChessBase"]
[SourceDate "2001.11.25"]
[SourceVersion "1"]
[SourceVersionDate "2001.11.25"]
[SourceQuality "1"]
[WhiteTeam "Schoeneck"]
[BlackTeam "Wetzlar"]
[WhiteTeamCountry "GER"]
[BlackTeamCountry "GER"]

1. Nf3 d5 2. c4 dxc4 3. e3 Nf6 4. Bxc4 e6 5. d4 c5 6. 0-0 Be7 7. a3 cxd4 8. exd4 0-0 9. Nc3 Nc6 10. Re1 a6 11. Ba2 b5 12. d5 exd5 13. Nxd5 Nxd5 14. Qxd5 Bb7 15. Qh5 Bf6 16. Bg5 Nd4 17. Ne5 1-0

[Event "Dortmund Sparkassen op-A"]
[Site "Dortmund"]
[Date "2000.07.11"]
[Round "5"]
[White "Kercher, Peter"]
[Black "Baumhackel, Mario"]
[Result "1/2-1/2"]
[WhiteElo "2164"]
[BlackElo "2143"]
[PlyCount "27"]
[EventDate "2000.07.07"]
[EventType "swiss"]
[EventRounds "10"]
[EventCountry "GER"]
[SourceTitle "EXT 2001"]
[Source "ChessBase"]
[SourceDate "2000.11.22"]
[SourceVersion "1"]
[SourceVersionDate "2000.11.22"]
[SourceQuality "1"]

1. e4 e6 2. d4 d5 3. Nc3 Bb4 4. e5 c5 5. a3 Bxc3+ 6. bxc3 Qc7 7. Nf3 Ne7 8. a4 Nbc6 9. Bd3 h6 10. 0-0 c4 11. Be2 Bd7 12. Ba3 b6 13. Qd2 Na5 14. h4 1/2-1/2

[Event "Dortmund Sparkassen op-A"]
[Site "Dortmund"]
[Date "2000.07.07"]
[Round "1"]
[White "Krallmann, Matthias"]
[Black "Baumhackel, Mario"]
[Result "1-0"]
[WhiteElo "2274"]
[BlackElo "2143"]
[PlyCount "65"]
[EventDate "2000.07.07"]
[EventType "swiss"]
[EventRounds "10"]
[EventCountry "GER"]
[SourceTitle "EXT 2001"]
[Source "ChessBase"]
[SourceDate "2000.11.22"]
[SourceVersion "1"]
[SourceVersionDate "2000.11.22"]
[SourceQuality "1"]

1. d4 d5 2. c4 dxc4 3. Nf3 Nf6 4. e3 Bg4 5. Bxc4 e6 6. Nc3 a6 7. h3 Bh5 8. 0-0 Nc6 9. b3 Bd6 10. Bb2 0-0 11. Be2 Re8 12. Ne5 Bxe2 13. Nxe2 Bxe5 14. dxe5 Nd7 15. f4 Nb6 16. Nd4 Nxd4 17. exd4 Qd5 18. Qg4 Qe4 19. Rad1 Qg6 20. Qh4 Nd5 21. Rf3 Kh8 22. Rg3 Qf5 23. Rf1 h6 24. Rf2 Ne7 25. Kh2 Qe4 26. Qg4 Nf5 27. Re2 Qd5 28. Rf3 Rad8 29. Rc2 c6 30. Rd3 Qe4 31. Rcd2 Rd5 32. g3 Ne3 33. Qe2 1-0